000 02074agaaa2200325 4500
001 8826
003 IT-RoPAU
005 20220918181223.0
007 d cvaizq
008 50131s9999||||xx ||| | || ||und||
040 _aIT-RoPAU
_cIT-RoPAU
041 _aITALIANO
100 _aKonchalovsky-Mikhalkov Andrej
_gCodice regista SPICS: 26000
_936950
130 _aPROIEZIONISTA (IL)
_936951
245 _aPROIEZIONISTA (IL)
_cProdotto da: Bonivento Claudio -- Sceneggiatura: Konchalovsky-Mikhalkov Andrej Usov Anatoli -- Diretto da: Konchalovsky-Mikhalkov Andrej
_pPROIEZIONISTA (IL) (Rif. Codice opera principale : C8826)
250 _aEdizione Standard
260 _aROMA - MOSCA (ITALIA - RUSSIA)
_bNUMERO UNO INT. - MOSFILM / Distribuzione: PENTA VIDEO
_g"1992 (1° ed.: 1994 ; Ed. Lingua Orig.: 1992)"
300 _aVHS
_bsonoro, col.
_c142 minuti
508 _a"Fotografia: Guarnieri Ennio; Montaggio: Richardson Henry; Musica: Artemjev Eduard; Sceneggiatura: Konchalovsky-Mikhalkov Andrej Usov Anatoli; Scenografia: Frigerio Ezio; Soggetto: Konchalovsky-Mikhalkov Andrej -- Usov Anatoli"
511 _a"Hulce Tom; Davidovich Lolita; Hoskins Bob; Zbruev Alexandre; Chaliapin Feodor"
520 _aAMBIENTATO NELLA RUSSIA STALINISTA E BASATO SU UNA STORIA REALMENTE ACCADUTA. UN AUTO SI E' FERMATA SOTTO CASA GLI UOMINI DI BERIA QUELLI DEL KGB SONO VENUTI A PRENDERE MIO MARITO IVAN SANSHIN LO STESSO GIORNO DEL NOSTRO MATRIMONIO. E' DIVENTATO IL PROIEZIONISTA DI STALIN. DESTINO DI DUE GIOVANI RUSSI VITTIME DEL TERRORE ASSOLUTO DELLA RUSSIA DI STALIN. FILM A COLORI.
538 _aPAL, STEREO
546 _aITALIANO
650 _aDRAMMATICO
_eFILMS [VHS]
_xCodice MATERIA SPICS: 9960
_934083
700 _aArtemjev Eduard
_e(musica)
_gCodice Musica SPICS: 22987
_936952
700 _aKonchalovsky-Mikhalkov Andrej
_e(regista)
_gCodice regista SPICS: 26000
_936953
700 _aKonchalovsky-Mikhalkov Andrej
_e(soggetto)
_gCodice Soggetto SPICS: 26000
_936954
700 _aUsov Anatoli
_e(soggetto)
_gCodice Soggetto 2° SPICS: 43173
_936955
942 _cVH
_2ddc
999 _c104657
_d104657